1318-鎌ヶ谷市(千葉県)の駅 - Statistics

General Stats
  • This quiz has been taken 8 times
    6 since last reset
  • The average score is 5 of 6
Answer Stats
Answer % Correct
新鎌ヶ谷
100%
鎌ヶ谷
100%
北初富
80%
初富
80%
鎌ヶ谷大仏
80%
くぬぎ山
60%
No matching quizzes found
Score Distribution
Percent of People with Each Score
Percentile by Number Answered
Your Score History
You have not taken this quiz since the last reset